00481nam a2200193 a 4500001001300000003000900013005001700022008004100039020002300080082001600103100001800119245001300137260004400150300000800194500003500202505001000237650002200247700001800269nice12345678IN_TiNIC20260116014553.0050524s1987 lona grp 000 0 eng  a0196058 c20000a297.63bCOO aCook, Michael aMuhammad aLondan bOxford University Press c1987 a94p aincludes index and biblioraphy2 aIndex aMuhammad, Prophet1 aCook, Michael